Todos los Pokemones tipo Bicho - Estadísticas

Estadísticas generales
  • Esta prueba ha sido intentada 15 veces
  • La puntuación promedio es 39 de 91
Estadísticas de respuestas
% Correcto
Primera Generación Butterfree
85%
Primera Generación Caterpie
85%
Primera Generación Kakuna
85%
Primera Generación Metapod
85%
Primera Generación Weedle
85%
Primera Generación Beedrill
77%
Primera Generación Paras
62%
Primera Generación Parasect
62%
Primera Generación Pinsir
62%
Primera Generación Scyther
62%
Primera Generación Venomoth
62%
Primera Generación Venonat
62%
Tercera Generación Wurmple
62%
Segunda Generación Ariados
54%
Cuarta Generación Burmy
54%
Segunda Generación Heracross
54%
Tercera Generación Nincada
54%
Tercera Generación Ninjask
54%
Segunda Generación Scizor
54%
Segunda Generación Spinarak
54%
Cuarta Generación Wormadam
54%
Tercera Generación Beautifly
46%
Séptima Generación Buzzwole
46%
Tercera Generación Cascoon
46%
Séptima Generación Cutiefly
46%
Tercera Generación Dustox
46%
Quinta Generación Galvantula
46%
Séptima Generación Golisopod
46%
Quinta Generación Joltik
46%
Segunda Generación Ledian
46%
Segunda Generación Ledyba
46%
Tercera Generación Masquerain
46%
Cuarta Generación Mothim
46%
Novena Generación Nymble
46%
Séptima Generación Pheromosa
46%
Segunda Generación Pineco
46%
Sexta Generación Scatterbug
46%
Tercera Generación Shedinja
46%
Tercera Generación Silcoon
46%
Octava Generación Snom
46%
Tercera Generación Surskit
46%
Sexta Generación Vivillon
46%
Quinta Generación Volcarona
46%
Séptima Generación Wimpod
46%
Séptima Generación Araquanid
38%
Séptima Generación Charjabug
38%
Cuarta Generación Combee
38%
Quinta Generación Durant
38%
Segunda Generación Forretress
38%
Octava Generación Frosmoth
38%
Séptima Generación Grubbin
38%
Cuarta Generación Kricketot
38%
Cuarta Generación Kricketune
38%
Quinta Generación Larvesta
38%
Quinta Generación Leavanny
38%
Novena Generación Lokix
38%
Octava Generación Orbeetle
38%
Novena Generación Rabsca
38%
Séptima Generación Ribombee
38%
Quinta Generación Scolipede
38%
Novena Generación Spidops
38%
Quinta Generación Venipede
38%
Cuarta Generación Vespiquen
38%
Séptima Generación Vikavolt
38%
Quinta Generación Whirlipede
38%
Quinta Generación Accelgor
31%
Octava Generación Blipbug
31%
Octava Generación Centiskorch
31%
Quinta Generación Crustle
31%
Séptima Generación Dewpider
31%
Octava Generación Dottler
31%
Quinta Generación Escavalier
31%
Quinta Generación Genesect
31%
Tercera Generación Illumise
31%
Quinta Generación Karrablast
31%
Octava Generación Kleavor
31%
Novena Generación Rellor
31%
Quinta Generación Sewaddle
31%
Quinta Generación Shelmet
31%
Sexta Generación Spewpa
31%
Quinta Generación Swadloon
31%
Novena Generación Tarountula
31%
Tercera Generación Volbeat
31%
Tercera Generación Armaldo
23%
Quinta Generación Dwebble
23%
Cuarta Generación Skorupi
23%
Segunda Generación Yanma
23%
Cuarta Generación Yanmega
23%
Tercera Generación Anorith
15%
Segunda Generación Shuckle
15%
Octava Generación Sizzlipede
15%
No se encontraron pruebas coincidentes
Distribución de puntuación
Porcentaje de gente con cada puntuación
Porcentaje por número respondido
Historial de tus puntuaciones
No has intentado esta prueba.